00659cam a22002054i 45000010009000000050017000090080041000260200019000670410008000860800016000941000019001102450062001292500020001912640047002113000041002586530028002996530038003276530046003657000042004111869621320221110164856.0150713s2015 enka b 001 0 eng  a9780230220584x aeng a327(4) N-911 aNugent, Neill.14aThe European Commission /cNeill Nugent and Mark Rhinard. aSecond edition. 1aNew York, NY :bPalgrave Macmillan,c2015. a433 pages :billustrations ;c24 cm. aThe European Commission aევროკომისია aЕвропейская комиссия1 aRhinard, Mark,d eავტორი